| 000 | 00595nam a2200205Ia 4500 | ||
|---|---|---|---|
| 001 | 17019 | ||
| 003 | IVS | ||
| 005 | 20250626030804.0 | ||
| 008 | 211022s9999 xx 000 0 und d | ||
| 040 | _cIVS | ||
| 082 | _a746 TOO | ||
| 100 | _aTooba Ilyas | ||
| 245 | 0 | _aMaking do and Mend: Is it applicable in Pakistan? Will people be willing to recycle their old embroideries? | |
| 260 | _aKarachi | ||
| 260 | _bIndus Valley School | ||
| 260 | _c2014 | ||
| 300 | _a54 | ||
| 856 | _uhttps://drive.google.com/file/d/1pVxsqrA8Rjhn6Wphc4Icqbw8JHMHNN2s/view?usp=sharing | ||
| 942 |
_cDISS _2ddc _n0 |
||
| 999 |
_c12029 _d12029 |
||